| 000 | 00688nam a2200205Ia 4500 | ||
|---|---|---|---|
| 003 | GCL | ||
| 005 | 20240530102418.0 | ||
| 008 | 140319s9999 xx 000 0 ara d | ||
| 040 |
_aGCL / _cGCL |
||
| 082 | 0 | 4 |
_a349.2 _bخ ت |
| 100 | 1 | _aخالد سماره الزغبى | |
| 245 | 1 | 0 |
_aتشكيل المجالس المحلية واثره على كفايتها / _cخالد سماره الزغبى |
| 260 |
_a[S.N] : _bمنشاة المعارف الاسلامية ، _c1984 |
||
| 300 | _a509 ص | ||
| 490 |
_aالكتب القانونية _v0 |
||
| 650 | 0 | 4 | _aالقانون |
| 650 | 0 | 4 | _aالقانون الدستورى |
| 650 | 0 | 4 | _aالقانون المقارن |
| 942 |
_2ddc _cBK |
||
| 999 |
_c32058 _d32058 |
||